| 000 | 00333nam a22001457a 4500 | ||
|---|---|---|---|
| 003 | SGT | ||
| 020 | _a9789350094384 | ||
| 082 |
_a070 _bH14K |
||
| 100 | _aKHARE, HARISH | ||
| 245 | _aHOW MODI WON IT: NOTES FROM 2014 ELECTION | ||
| 260 |
_bHACHTTEE BOOK PUBLISHING _c2014 |
||
| 300 | _a242 | ||
| 650 | _aJOURNALISM | ||
| 942 |
_2ddc _cBK |
||
| 999 |
_c28597 _d28597 |
||